| 000 | 00773cam a2200253 a 4500 | ||
|---|---|---|---|
| 001 | 000017467 | ||
| 005 | 20200929165125.0 | ||
| 008 | 741223s1974 mx 000 f spa d | ||
| 035 | _a(DLC) 74217782 | ||
| 035 | _a(OCoLC)1122924 | ||
| 040 |
_aDO-SdBNP _bspa _cTxU _dCoP _dTxGeoS _dDLC _dBNPHU |
||
| 082 |
_aM863.44 _bA997t, 1974 |
||
| 100 | 1 |
_aAzuela, Arturo, _d1938- _938188 |
|
| 245 | 1 | 3 |
_aEl tamano del infierno / _cArturo Azuela. |
| 250 | _a2a ed. | ||
| 260 |
_aMéxico, : _bJoaquín Mortiz, _c1974. |
||
| 300 |
_a418 p. ; _c20 cm. |
||
| 490 | 1 | _aNueva narrativa hispánica | |
| 650 | 0 |
_aNovela mexicana _93959 |
|
| 650 | 4 |
_aLiteratura mexicana _ySIGLO XX _99216 |
|
| 830 | 0 |
_aNueva narrativa hispánica. _922001 |
|
| 910 | _aCatalogación derivada | ||
| 049 | _aBNGR | ||
| 999 |
_c16992 _d16992 |
||